000 00659nam a2200265Ia 4500
003 OSt
005 20221007105339.0
006 a|||||r|||| 00| 0
007 ta
008 221006b |||||||| |||| 00| 0 eng d
024 _a18,307
037 _cTextual
040 _aLCO
_cLCO
_beng
041 _2eng
_aeng
082 _aZ2,3, L7
100 _aSen A.K
245 0 _aCommercial Law
250 _a14th
260 _aCalcutta
_bWorld Press Ltd. India
_c1977
300 _a571+15
650 _aCOMMERCIAL LAW
_9606110
700 _a Mitra J.K
_9123234
942 _hZ2,3, L7
_cTEXL
999 _c1187870
_d1187870